000 01136nam a2200337 a 4500
001 85220
003 BD-RjUL
005 20250716104045.0
008 250716s1976 enka b 001 0 eng
020 _a9780080198576
020 _a0080198570
035 _a(BD-RjUL)85220
040 _aDLC
_cDLC
_dDLC
_dBD-RjUL
_beng
041 _aeng
082 0 0 _223
_a621.381
_bFIE 1976
100 1 _aFisher, Jack Edward.
_916062
245 1 0 _aElectronics from theory into practice /
_cby J. E. Fisher and H. B. Gatland.
250 _a2d ed.
260 _aOxford ;
_aNew York :
_bPergamon Press,
_c1976.
300 _axv, 489 pages :
_billustrations ;
_c21 cm.
336 _atext
_btxt
_2rdacontent
337 _aunmediated
_bn
_2rdamedia
338 _avolume
_bnc
_2rdacarrier
490 0 _aApplied electricity & electronics division
490 0 _aPergamon international library of Science, technology, engineering and social studies.
504 _aIncludes bibliographical references and index.
650 0 _aElectronics.
_913710
700 1 _aGatland, Howard Bruce,
_ejoint author.
_916063
942 _2ddc
_cBK
999 _c85220
_d85220